Statistics for Which City in Brazil?

Click here to take the quiz!

General Stats

  • This quiz has been taken 207 times
  • The average score is 15 of 22

Answer Stats

Answer% Correct
Rio de Janeiro
99%
São Paulo
97%
Brasília
94%
Manaus
90%
Belo Horizonte
86%
Salvador
86%
Recife
82%
Porto Alegre
81%
Belém
76%
Fortaleza
75%
Curitiba
72%
Natal
72%
Florianópolis
55%
São Luís
54%
Campinas
50%
Goiânia
50%
Santos
47%
Campo Grande
40%
Niterói
38%
Vitória
38%
Cuiabá
36%
Olinda
31%

Score Distribution

Percentile by Number Answered

Percent of People with Each Score

Your Score History

You have not taken this quiz